[Event "45th FIDE Chess Olympiad Open"]
[Site "Budapest, Hungary"]
[Date "2024.09.12"]
[Round "2"]
[White "Leiva, Gianmarco"]
[Black "Sjugirov, Sanan"]
[Result "0-1"]
[WhiteElo "2389"]
[BlackElo "2644"]
[PlyCount "107"]
[EventDate "2024.??.??"]
[WhiteTeam "Peru"]
[BlackTeam "Hungary"]
[WhiteTeamCountry "PER"]
[BlackTeamCountry "HUN"]
[WhiteClock "0:13:06"]
[BlackClock "0:10:16"]

1. e4 c5 2. Nf3 e6 3. g3 Nc6 4. Bg2 Nf6 5. Qe2 e5 6. O-O Be7 7. Na3 O-O 8. Nc4 d6 9. d3 Re8 10. c3 h6 11. Ne3 Be6 12. Nh4 d5 13. Qf3 ({RR} 13. Nhf5 Bf8 14. Qf3 d4 15. Nd5 Nd7 16. c4 Kh7 17. g4 Nb4 18. Kh1 Nxd5 19. exd5 Bxf5 20. Qxf5+ Kg8 21. g5 hxg5 22. Bxg5 Be7 23. f4 exf4 24. Bxf4 g6 25. Qh3 Bf6 26. Rae1 Be5 27. Qg3 Qb8 {½-½ Szvetits,R (1987)-Hapala,L (2152) ch-AUT 2024 Linz AUT (2.16)}) 13... d4 14. Nd5 Qc8 $146 ({RR} 14... Qd7 15. Nxf6+ Bxf6 16. Nf5 Bg5 17. Bh3 Qd8 18. Qe2 Bxc1 19. Raxc1 Kh7 20. Bg2 Qd7 21. c4 Rab8 22. Qd2 Kg8 23. f4 Bxf5 24. exf5 Qxf5 25. Bd5 Rf8 26. Rce1 exf4 27. Rxf4 Qg6 28. a3 Kh8 29. b4 {1-0 Sengupta,D (2473)-Narva,M (2387) Prague International Open 2023 (8.3)}) 15. h3 dxc3 16. bxc3 Rd8 17. Nxf6+ Bxf6 18. Nf5 Bg5 19. Rd1 Qd7 20. Ba3 b6 21. h4 Be7 22. h5 Bg5 23. Bb2 Rac8 24. Bc1 Bxc1 25. Raxc1 Ne7 26. Bh3 Nxf5 27. Bxf5 Bxf5 28. exf5 Rc6 29. Qe4 Rd6 30. Qxe5 Rd5 31. Qe4 Qxf5 32. Qxf5 Rxf5 33. Rd2 Rxh5 34. Re1 Rhd5 35. Re3 f6 36. Kf1 Kf7 37. Ke2 R8d6 38. Rb2 h5 39. Rb1 Re6 40. Rh1 g6 41. Rh4 Rd7 42. g4 Rxe3+ 43. fxe3 hxg4 44. Rxg4 g5 45. d4 cxd4 46. cxd4 Rd5 47. Kd3 Ra5 48. Rg2 Ke6 49. Ke4 Ra4 50. Rf2 Ra5 51. Rg2 f5+ 52. Kf3 Kf6 53. Rc2 Ra3 54. Rc6+ 0-1

[Event "45th FIDE Chess Olympiad Open"]
[Site "Budapest, Hungary"]
[Date "2024.09.12"]
[Round "2"]
[White "Berkes, Ferenc"]
[Black "Flores Quillas, Diego Saul Rodri"]
[Result "1/2-1/2"]
[WhiteElo "2605"]
[BlackElo "2451"]
[PlyCount "66"]
[EventDate "2024.??.??"]
[WhiteTeam "Hungary"]
[BlackTeam "Peru"]
[WhiteTeamCountry "HUN"]
[BlackTeamCountry "PER"]
[WhiteClock "0:18:27"]
[BlackClock "0:14:39"]

1. d4 {Finkel,Alexander} Nf6 2. Nf3 e6 3. c4 b6 4. e3 Bb7 5. Bd3 d5 6. cxd5 exd5 7. O-O Bd6 ({RR} 7... Be7 8. b4 O-O 9. Qb3 c6 10. a4 a5 11. bxa5 ({RR} 11. b5 c5 12. Qc2) 11... Rxa5 12. Ba3 Nbd7 13. Nbd2 Bxa3 14. Qxa3 Ra7 15. Bc2 Re8) ({RR} 7... Nbd7 8. b3 Bd6) 8. b3 ({RR} 8. Nc3 O-O ({RR} 8... a6 9. b3 O-O 10. Bb2 Nbd7 11. Rc1 Re8 12. Ne2 Ne4 13. Qc2 c5 14. Ng3 Rc8 15. Qe2) 9. b3 Nbd7 10. Bb2 c5 11. Rc1 Qe7 12. Bf5 Rad8 13. Qd3 a6 14. Rfd1 Rfe8 15. Qf1 Bb8) ({RR} 8. b4 O-O 9. Qb3 Qe7 10. b5 a6 11. Nc3 axb5 12. Nxb5 Nbd7 13. a4 c5 14. Ba3 Ba6) 8... O-O ({RR} 8... Qe7 9. Nc3 a6 10. Bb2 Nbd7 11. Rc1 O-O 12. Rc2 Ne4 13. Re1 f5 14. g3 g5) 9. Ba3 c5 10. Nc3 Re8 ({RR} 10... Nbd7 11. Rc1 a6 12. Bf5 g6 13. Bxd7 Nxd7 14. dxc5 Nxc5 15. Bb2 Be7 16. Re1 Bf6 17. Re2 Ne6 18. Rd2 d4 19. Ne2 Bxf3 20. gxf3 Qd5 21. Nxd4 Ng5 22. Kg2 Qd7 23. Kh1 Qh3 24. Qf1 Qh5 25. Qg2 {1-0 Berkes,F (2612)-Moosavifar,S (2283) Serbia Open 2024 (4.11)}) 11. Rc1 Nbd7 12. Bb2 $146 ({RR} 12. Qe2 Ne4 13. Ba6 Qc8 ({RR} 13... Nxc3 14. Rxc3 Bxa6 15. Qxa6 Qf6 16. Rfc1) 14. Bxb7 Qxb7 15. Bb2 ({RR} 15. dxc5 bxc5 ({RR} 15... Ndxc5 16. Bb2 Nxc3 17. Bxc3 Ne4 18. Rfd1 Bc5 19. Rd3) 16. Nxe4 dxe4 17. Nd2) 15... Ndf6 16. Rfd1 Rac8 ({RR} 16... Rad8 17. dxc5 bxc5) 17. dxc5 Bxc5 18. Nxe4 Nxe4 ({RR} 18... dxe4 19. Nh4 Qe7 20. Nf5 Qe6 21. Nd4 Qe7 22. Qa6) 19. Rd3 Qa6 20. Rcd1 Bb4 21. h4 f6 ({RR} 21... Nc5 22. Ng5 ({RR} 22. a3 Nxd3 23. Qxd3 ({RR} 23. axb4 Nxb4) 23... Qxd3 24. Rxd3 Be7 25. Rxd5 Rc2) 22... f6 ({RR} 22... Nxd3 23. Qh5 Nxb2 24. Qxf7+ Kh8 25. Qf5 Kg8 26. Qxd5+ Kh8 27. Nf7+ Kg8 28. Nh6+ Kh8 29. Qg8+ Rxg8 30. Nf7#) 23. Qh5 fxg5 24. Qxg5 Ne6) 22. Nd4 Nc5 23. Nf5 Nxd3 24. Qg4 Rc7 ({RR} 24... g6 25. Nh6+ Kg7 26. Nf5+ Kf8 27. Qd4 Re5 28. Rxd3 Rxf5 29. Qxb4+ Kg8) 25. Bxf6 Ne5 ({RR} 25... Bf8) 26. Nh6+ Kh8 {0-1 Neverov,V (2564)-Brodsky,M (2528) UKR-ch Ordzhonikidze 2001 (9)}) ({RR} 12. Rc2 Ne4 13. dxc5 Ndxc5 14. Nb5 Bf8 15. Be2 a6 16. Nbd4 Nxb3) 12... Bf8 13. Re1 Ne4 14. Bf1 Ndf6 15. Ne5 cxd4 16. Nxe4 dxe4 17. Qxd4 Bc5 18. Qxd8 Raxd8 19. Red1 Rd5 20. Bb5 Red8 21. Rxd5 Nxd5 22. Rd1 a6 23. Bc6 Bxc6 24. Nxc6 Rd6 25. a3 Rxc6 26. Rxd5 Rd6 27. Rxd6 Bxd6 28. g4 f6 29. h3 Kf7 30. f3 exf3 31. Kf2 Ke6 32. e4 Be5 33. Bc1 b5 1/2-1/2

[Event "45th FIDE Chess Olympiad Open"]
[Site "Budapest, Hungary"]
[Date "2024.09.12"]
[Round "2"]
[White "Fernandez Sanchez, Fernando Miguel"]
[Black "Gledura, Benjamin"]
[Result "0-1"]
[WhiteElo "2399"]
[BlackElo "2628"]
[PlyCount "80"]
[EventDate "2024.??.??"]
[WhiteTeam "Peru"]
[BlackTeam "Hungary"]
[WhiteTeamCountry "PER"]
[BlackTeamCountry "HUN"]
[WhiteClock "0:01:21"]
[BlackClock "0:14:53"]

1. d4 Nf6 2. c4 e6 3. Nf3 d5 4. cxd5 exd5 5. Nc3 c6 6. Bf4 Bf5 7. e3 Nbd7 8. h3 Be7 9. Bd3 Bxd3 10. Qxd3 O-O 11. O-O Re8 12. Rab1 ({RR} 12. Qc2 Nb6 13. Ne5 Nfd7 14. Nd3 Nc4 15. Rad1 Nf8 16. b3 Nd6 17. Nc5 Qc8 18. Rfe1 b6 19. Nd3 Ne6 20. Bh2 Qb7 21. Ne5 Rac8 22. Qd3 Bf8 23. Rc1 Red8 24. Red1 f6 25. Nf3 Nf7 26. e4 dxe4 {0-1 Fressinet,L (2707)-Fridman,D (2647) Trzcianka Dziedzic Memorial 5th rapid 2015 (6)}) 12... Bf8 ({RR} 12... Nf8 13. Ne5 a5 14. Rfe1 Ng6 15. Bh2 Bd6 16. f4 Nd7 17. e4 dxe4 18. Qc4 Qe7 19. Nxe4 Nb6 20. Qc2 Nd5 21. Nxd6 Qxd6 22. f5 Nxe5 23. dxe5 Qb4 24. Kh1 Re7 25. a3 Qh4 26. e6 Rae8 27. Bd6 {1-0 Menahem,A (2140)-Vafin,A (2302) Titled Tue 20th Jun Early 2023 (11)}) 13. Ne5 Nxe5 $146 ({RR} 13... Re6 14. b4 a6 15. Na4 Nxe5 16. Bxe5 Nd7 17. Bg3 b6 18. Rfc1 Rg6 19. Qf5 b5 20. Nc5 Nb6 21. Nd3 Nc4 22. Ne5 Rf6 23. Qh5 Qe8 24. Qe2 Re6 25. Nxc4 dxc4 26. a4 Qd7 27. Qc2 Qd5 28. Rd1 {0-1 Pedersen,B (2230)-Kharlov,A (2580) Politiken Cup 15th 1993 (1)}) ({RR} 13... a5 14. a3 Nxe5 15. Bxe5 Nd7 16. Bg3 a4 17. Qc2 Qa5 18. Rbe1 Qa6 19. f3 Qc4 20. Qd2 Qb3 21. e4 Nb6 22. Rf2 c5 23. Kh2 Nc4 24. Qf4 Nxb2 25. Nxd5 Nd3 26. Qg4 Nxe1 27. Nf6+ Kh8 28. Nxe8 {0-1 Benes,M (2031)-Hrabusa,M (2308) CZE-chT rap Pardubice 2015 (4.4)}) 14. Bxe5 Nd7 15. Bh2 a5 16. Rfc1 a4 17. Qd1 Qa5 18. Rc2 Nb6 19. b3 axb3 20. axb3 Qb4 21. Ne2 Ra3 22. Nc1 Nd7 23. Nd3 Qb5 24. Rcc1 h6 25. Qc2 Rea8 26. Be5 Ra2 27. Qc3 Qa5 28. Qxa5 R8xa5 29. b4 Rb5 30. Bc7 Nf6 31. Ra1 Rd2 32. Nc5 Bxc5 33. dxc5 d4 34. exd4 Nd5 35. Ra8+ Kh7 36. Ba5 Nxb4 37. Rc4 Ra2 38. Ra7 Nd5 39. Bb6 Rb1+ 40. Kh2 Rxf2 0-1

[Event "45th FIDE Chess Olympiad Open"]
[Site "Budapest, Hungary"]
[Date "2024.09.12"]
[Round "2"]
[White "Stefansson, Vignir Vatnar"]
[Black "Gukesh D"]
[Result "0-1"]
[WhiteElo "2531"]
[BlackElo "2764"]
[PlyCount "80"]
[EventDate "2024.??.??"]
[WhiteTeam "Iceland"]
[BlackTeam "India"]
[WhiteTeamCountry "ISL"]
[BlackTeamCountry "IND"]
[WhiteClock "0:00:32"]
[BlackClock "0:02:01"]

1. d4 Nf6 2. c4 e6 3. Nf3 h6 4. g3 Bb4+ 5. Bd2 Be7 6. Bg2 O-O 7. O-O d5 8. Qc2 c6 9. Rd1 Nbd7 10. Bf4 a5 11. Nc3 dxc4 12. Nd2 Nd5 $146 ({RR} 12... Nb6 13. e4 a4 14. a3 Bd7 15. Re1 Re8 16. Rad1 Qc8 17. Nf3 c5 18. d5 exd5 19. exd5 Bf5 20. Qc1 Bf8 21. Ne5 Ng4 22. d6 Nxe5 23. Bxe5 Bd3 24. Nb5 Qf5 25. Qf4 Qxf4 26. Bxf4 g5 27. Be3 {0-1 Samadov,R (2482)-Yu Yangyi (2735) Aimchess Rapid Div 3 W 2023 (2.1)}) ({RR} 12... Nb6 13. e4 Bd7 14. Nf3 Be8 15. Qe2 Rc8 16. Ne5 Bd6 17. Be3 Bb8 18. Rac1 Qe7 19. Nxc4 Nxc4 20. Qxc4 Ba7 21. h3 Bd7 22. Qe2 Rfd8 23. Na4 Be8 24. Nc5 Nh7 25. e5 f5 26. f4 Nf8 27. Kh2 {½-½ Can,E (2549)-Sadhwani,R (2654) 7th Sharjah Masters 2024 (6.19)}) 13. Nxc4 Nxf4 14. gxf4 Nf6 15. Ne5 Bd7 16. e3 Be8 17. Kh1 Kh8 18. Rg1 Rc8 19. Rad1 Bd6 20. Bf3 Qe7 21. Na4 Rc7 22. Nd3 Qd8 23. Rc1 Nd5 24. a3 f6 25. Qd2 g5 26. Qxa5 Bg6 27. Qd2 Qe8 28. Nac5 Rg7 29. Qe2 Rfg8 30. Rce1 Bb8 31. Qd2 Bh7 32. Qd1 b6 33. Nb3 g4 34. Bg2 Qh5 35. Qd2 g3 36. fxg3 Rxg3 37. e4 R8g4 38. Qe2 Nxf4 39. Nxf4 Bxf4 40. Bf3 Rxf3 0-1

[Event "45th FIDE Chess Olympiad Open"]
[Site "Budapest, Hungary"]
[Date "2024.09.12"]
[Round "2"]
[White "Erigaisi Arjun"]
[Black "Stefansson, Hannes"]
[Result "1-0"]
[WhiteElo "2778"]
[BlackElo "2471"]
[PlyCount "75"]
[EventDate "2024.??.??"]
[WhiteTeam "India"]
[BlackTeam "Iceland"]
[WhiteTeamCountry "IND"]
[BlackTeamCountry "ISL"]
[WhiteClock "0:18:29"]
[BlackClock "0:05:27"]

1. d4 Nf6 2. Nf3 e6 3. Bf4 d5 4. e3 Bd6 5. Ne5 O-O 6. Bd3 c5 7. c3 b6 8. Nd2 Ba6 9. Bxa6 Nxa6 10. h4 Qc7 11. h5 Ne4 $146 ({RR} 11... h6 12. Rh3 cxd4 13. exd4 Nc5 14. Kf1 Nfe4 15. Nxe4 Nxe4 16. Qg4 Nf6 17. Qe2 Ne4 18. Qg4 Nf6 19. Qh4 Ne4 20. Re3 Bxe5 21. Bxe5 Qd7 22. Kg1 f6 23. Bh2 Rae8 24. Qg4 Qb5 25. Qe2 Qxe2 26. Rxe2 {½-½ Erigaisi,A (2762)-Keymer,V (2726) Superbet POL Blitz 2024 (7.5)}) ({RR} 11... h6 12. Qf3 cxd4 13. exd4 Nc5 14. Qg3 Nce4 15. Nxe4 Nxe4 16. Qg4 Nf6 17. Qg3 Ne4 18. Qg4 f5 19. Qd1 b5 20. f3 Ng5 21. Qd2 Bxe5 22. Bxe5 Qc4 23. Kf2 Qc6 24. Rae1 a5 25. Bf4 Nh7 26. Rh3 {0-1 Guven,O (2141)-Eren,A (2330) Istanbul Open 2023 (2.10)}) 12. Nxe4 dxe4 13. Qg4 cxd4 14. exd4 Rae8 15. Rd1 Nc5 16. Qg3 f6 17. dxc5 fxe5 18. cxb6 exf4 19. bxc7 fxg3 20. Rxd6 gxf2+ 21. Ke2 Re7 22. Rc6 Rc8 23. Kxf2 Rcxc7 24. Rxc7 Rxc7 25. Ke3 Rd7 26. a4 Rd3+ 27. Kxe4 Rd2 28. b4 Rxg2 29. Rd1 Rg3 30. Rd3 Rxd3 31. Kxd3 Kf7 32. Ke4 g5 33. hxg6+ hxg6 34. b5 Ke7 35. Ke5 g5 36. c4 Kd7 37. c5 a5 38. bxa6 1-0

[Event "45th FIDE Chess Olympiad Open"]
[Site "Budapest, Hungary"]
[Date "2024.09.12"]
[Round "2"]
[White "Heimisson, Hilmir Freyr"]
[Black "Vidit, Santosh Gujrathi"]
[Result "0-1"]
[WhiteElo "2391"]
[BlackElo "2720"]
[PlyCount "78"]
[EventDate "2024.??.??"]
[WhiteTeam "Iceland"]
[BlackTeam "India"]
[WhiteTeamCountry "ISL"]
[BlackTeamCountry "IND"]
[WhiteClock "0:00:37"]
[BlackClock "0:03:45"]

1. e4 c6 2. d4 d5 3. e5 Bf5 4. Nd2 e6 5. Nb3 Nd7 6. Nf3 Ne7 7. Be2 h6 8. O-O Bh7 9. a4 a5 ({RR} 9... Nf5 10. a5 a6 11. c4 dxc4 12. Bxc4 Ne7 13. Qe2 Nd5 14. Nfd2 Nb4 15. Ne4 b5 16. axb6 Nxb6 17. f3 Nxc4 18. Qxc4 Qd5 19. Qc3 Qb5 20. Ra5 Qb6 21. Bd2 Be7 22. Rfa1 O-O 23. Qc4 Rab8 24. Nbc5 {0-1 Stukopin,A (2586)-Nyzhnyk,I (2610) Saint Louis Spring-C 2017 (4)}) ({RR} 9... Ng6 10. a5 Be7 11. c4 O-O 12. a6 b6 13. cxd5 exd5 14. Be3 Rc8 15. Rc1 Re8 16. Bd3 Ndf8 17. Nfd2 c5 18. Bb5 Nd7 19. Qg4 Rc7 20. f4 Rf8 21. f5 Ngxe5 22. dxe5 Nxe5 23. Qg3 Qd6 24. Rcd1 {1-0 Narayanan,S (2398)-Vidit,S (2602) IND-chT League Qualifier 1 2014 (1)}) 10. Bd2 Nc8 ({RR} 10... Nf5 11. Kh1 Be7 12. g4 Nh4 13. Nxh4 Bxh4 14. f4 f5 15. Bd3 O-O 16. Rg1 Be7 17. g5 hxg5 18. fxg5 Bg6 19. c4 Nb6 20. c5 Nc4 21. Qc2 Nxd2 22. Qxd2 Kf7 23. h4 Rh8 24. Qf4 b6 25. Rac1 {½-½ Ballotti,L (2261)-Masruri,R (2295) Budapest 1 Week Aug IMB 2024 (6.2)}) 11. Rc1 $146 ({RR} 11. Ne1 b6 12. c4 dxc4 13. Bxc4 Ne7 14. f4 Be4 15. Rc1 g6 16. Bd3 Bd5 17. g4 h5 18. g5 Nf5 19. Ng2 Bxb3 20. Qxb3 Nxd4 21. Qc3 Bb4 22. Qc4 Bxd2 23. Rcd1 Bb4 24. Be4 c5 25. Nh4 O-O {0-1 Ruiz Buendia,M (2092)-Kolbus,D (2312) Reykjavik Kvika op 2022 (7)}) 11... Be7 12. Qe1 b6 13. h3 O-O 14. c4 Be4 15. Nh2 c5 16. f3 dxc4 17. Bxc4 Bc6 18. Ng4 h5 19. Nf2 Bxa4 20. Qe4 Ra7 21. g4 h4 22. d5 exd5 23. Bxd5 c4 24. Bxc4 Nxe5 25. Qxe5 Bxb3 26. Bxb3 Qxd2 27. Bxf7+ Kxf7 28. Rxc8 Rxc8 29. Qf5+ Bf6 30. Qxc8 Re7 31. Ne4 Qf4 32. Qc6 Be5 33. Rf2 Rc7 34. Qd5+ Ke7 35. Rd2 Rc1+ 36. Kf2 Qh2+ 37. Ke3 Bf4+ 38. Kd3 Bxd2 39. Qd4 Bh6 0-1

[Event "45th FIDE Chess Olympiad Open"]
[Site "Budapest, Hungary"]
[Date "2024.09.12"]
[Round "2"]
[White "Harikrishna, Pentala"]
[Black "Gretarsson, Helgi Ass"]
[Result "1-0"]
[WhiteElo "2686"]
[BlackElo "2450"]
[PlyCount "115"]
[EventDate "2024.??.??"]
[WhiteTeam "India"]
[BlackTeam "Iceland"]
[WhiteTeamCountry "IND"]
[BlackTeamCountry "ISL"]
[WhiteClock "0:06:05"]
[BlackClock "0:01:26"]

1. d4 d5 2. Nf3 Nf6 3. c4 c6 4. Nc3 a6 5. a4 e6 6. Bg5 Be7 7. e3 a5 8. Bd3 Na6 9. O-O Nb4 10. Bb1 ({RR} 10. b3 O-O 11. Re1 b6 12. Ne5 Nd7 13. Bxe7 Qxe7 14. Nxd7 Bxd7 15. e4 dxc4 16. bxc4 Rad8 17. Rc1 Bc8 18. Bb1 Ba6 19. Ne2 e5 20. d5 cxd5 21. cxd5 Rc8 22. Ng3 Rxc1 23. Qxc1 Rc8 24. Nf5 Qf6 {½-½ Dahale,A (2127)-Zieba,H (2080) Wroclaw Open A 2024 (9.12)}) 10... b6 11. cxd5 $146 ({RR} 11. Ne5 Nd7 12. Bxe7 Qxe7 13. Qg4 g6 14. Rd1 Nxe5 15. dxe5 f6 16. Qh4 O-O 17. Ba2 Ra7 18. exf6 Qxf6 19. Qxf6 Rxf6 20. Bb3 Ba6 21. cxd5 exd5 22. e4 Bc4 23. Bxc4 dxc4 24. Rd8+ Rf8 25. Rd6 Raf7 {1-0 Melkumyan,H (2582)-Bach,A (2251) EU-ch 11th Rijeka 2010 (1)}) 11... cxd5 12. Bd3 O-O 13. Rc1 Bb7 14. Nb5 Rc8 15. Rxc8 Qxc8 16. Ne5 Qd8 17. Bf4 Ne4 18. Bb1 Ba6 19. Qe2 f6 20. Nd3 Bxb5 21. axb5 Qd7 22. f3 Nd6 23. Nxb4 axb4 24. Bd3 Rc8 25. Bg3 Nf7 26. Bf2 Bd6 27. e4 g6 28. Be3 Kg7 29. f4 dxe4 30. Bxe4 Bb8 31. Bc6 Qd6 32. d5 Bc7 33. Qc4 e5 34. f5 Qe7 35. Qg4 g5 36. Qe4 Rb8 37. g3 Bd6 38. Rc1 Qa7 39. Qc4 Rc8 40. Kg2 Nd8 41. Qf1 Qa2 42. Qe2 Rb8 43. Qd2 Nf7 44. Bd7 e4 45. Be6 Qb3 46. Rc7 Rf8 47. Rb7 Bc5 48. Bxc5 Qf3+ 49. Kg1 bxc5 50. Qf2 Qd1+ 51. Kg2 Qd3 52. b6 e3 53. Qf3 Qd2+ 54. Kh3 Qe1 55. Bxf7 Rxf7 56. Rxf7+ Kxf7 57. b7 e2 58. Qh5+ 1-0

[Event "45th FIDE Chess Olympiad Open"]
[Site "Budapest, Hungary"]
[Date "2024.09.12"]
[Round "2"]
[White "Ding, Liren"]
[Black "Henriquez Villagra, Cristobal"]
[Result "1/2-1/2"]
[WhiteElo "2736"]
[BlackElo "2604"]
[PlyCount "65"]
[EventDate "2024.??.??"]
[WhiteTeam "China"]
[BlackTeam "Chile"]
[WhiteTeamCountry "CHN"]
[BlackTeamCountry "CHI"]
[WhiteClock "0:21:50"]
[BlackClock "0:06:48"]

1. e4 c5 2. Nf3 d6 3. d4 cxd4 4. Nxd4 Nf6 5. Nc3 Nc6 6. Bg5 e6 7. Qd3 Bd7 8. O-O-O a6 9. f4 Qc7 10. Kb1 Be7 11. Nf3 Rd8 12. Qd2 b5 13. Bd3 b4 14. Ne2 a5 15. Ng3 $146 ({RR} 15. Rhg1 a4 16. g4 a3 17. b3 d5 18. Bxf6 Bxf6 19. exd5 exd5 20. g5 Be7 21. f5 Bc5 22. Rg4 O-O 23. Rh4 Qd6 24. Ned4 Nxd4 25. Nxd4 Rfe8 26. Qf2 Qe5 27. c3 bxc3 28. Bc2 Qe3 29. Qg2 Re5 {0-1 Christiansen,J (2582)-Vestby-Ellingsen,M (2376) TCh-NOR Elite 2022-23 (2.32)}) 15... a4 16. Bxf6 Bxf6 17. Nh5 a3 18. Nxf6+ gxf6 19. b3 Qa5 20. Rhe1 Qc5 21. Bc4 Bc8 22. Re3 h5 23. Rd3 Ke7 24. Nd4 Nxd4 25. Rxd4 Bb7 26. Be2 Qc3 27. Qc1 d5 28. exd5 Bxd5 29. R1d3 Qc5 30. Qd2 Rb8 31. f5 Rhg8 32. g3 Rg5 33. fxe6 1/2-1/2

[Event "45th FIDE Chess Olympiad Open"]
[Site "Budapest, Hungary"]
[Date "2024.09.12"]
[Round "2"]
[White "Salinas Herrera, Pablo"]
[Black "Yu, Yangyi"]
[Result "0-1"]
[WhiteElo "2479"]
[BlackElo "2703"]
[PlyCount "108"]
[EventDate "2024.??.??"]
[WhiteTeam "Chile"]
[BlackTeam "China"]
[WhiteTeamCountry "CHI"]
[BlackTeamCountry "CHN"]
[WhiteClock "0:09:36"]
[BlackClock "0:08:03"]

1. e4 c5 2. Nf3 e6 3. Be2 Nc6 4. O-O Nf6 5. Nc3 d6 6. d4 cxd4 7. Nxd4 Be7 8. Nxc6 bxc6 9. Qd3 O-O ({RR} 9... d5 10. Qg3 O-O 11. Bh6 Ne8 12. Bf4 Bh4 13. Qf3 Bg5 14. Bxg5 Qxg5 15. Na4 Nf6 16. Bd3 e5 17. Rfe1 Re8 18. Qg3 h6 19. c3 a5 20. Rad1 Rb8 21. b3 Nh5 22. Qxg5 hxg5 23. Bc2 Nf6 24. h3 {½-½ Firouzja,A (2777)-Sarana,A (2682) FIDE Grand Swiss 2023 (7.5)}) 10. Qg3 e5 $146 ({RR} 10... Kh8 11. e5 dxe5 12. Qxe5 Nd5 13. Rd1 Bd6 14. Qh5 Nxc3 15. bxc3 Qc7 16. Rd4 g6 17. Qh6 f6 18. Be3 e5 19. Rd2 Be6 20. Rad1 Rfd8 21. Bxa7 c5 22. Bf3 Bf8 23. Bxa8 Rxa8 24. Qh4 g5 25. Qh5 {1-0 Cawdery,D (2395)-Zhigalko,A (2600) Lille Luce op 5th 2014 (3)}) ({RR} 10... Kh8 11. Rd1 Qc7 12. b3 e5 13. Kh1 Be6 14. f4 Rad8 15. Bb2 exf4 16. Qxf4 Nd7 17. Rd2 Ne5 18. Rf1 h6 19. Qg3 f5 20. exf5 Rxf5 21. Rxf5 Bxf5 22. Nd1 Bg5 23. Ne3 Bxe3 24. Qxe3 Ng6 25. Qxh6+ {1-0 Siddharth,J (2516)-Sartbayev,A (1702) FIDE World Bl Team Pool A 2024 (4.9)}) ({RR} 10... Nd7 11. Be3 Rb8 12. Na4 Rb4 13. b3 Rxe4 14. Bf3 Rh4 15. Bxc6 Ne5 16. Bb5 Rg4 17. Qh3 Bb7 18. f3 Rg6 19. Rad1 Qa5 20. Be2 Bc6 21. Rd4 Qc7 22. Nb2 d5 23. Rdd1 Bb7 24. Bf4 Qxc2 25. Rd2 {0-1 Jamrich,G (2207)-Kantor,G (2403) Budapest Duna op 2015 (4)}) 11. f4 Nd7 12. Bg4 Bh4 13. Qh3 Bf6 14. Ne2 exf4 15. Bxf4 Bxb2 16. Rad1 Nf6 17. Bxc8 Qxc8 18. Qb3 Rb8 19. Qa4 Be5 20. Bxe5 dxe5 21. Ng3 Qc7 22. h3 Rfd8 23. Nf5 g6 24. Qxc6 Qxc6 25. Ne7+ Kg7 26. Nxc6 Rxd1 27. Rxd1 Rc8 28. Nxa7 Rxc2 29. a4 Nxe4 30. a5 Ra2 31. Nc6 f6 32. Rd7+ Kh6 33. Rb7 Kg5 34. Rb4 Kf4 35. Kh2 f5 36. Rc4 h5 37. Ne7 Rxa5 38. Nxg6+ Kg5 39. Rc6 h4 40. Re6 Nc5 41. Rc6 Nd3 42. Nf8 f4 43. Nh7+ Kf5 44. Rf6+ Ke4 45. Rd6 Ke3 46. Nf6 e4 47. Re6 Nf2 48. Ng4+ Nxg4+ 49. hxg4 Kd4 50. Rf6 e3 51. Rxf4+ Kd3 52. Rf3 Kd2 53. Rf8 Ra3 54. Rf3 Rd3 0-1

[Event "45th FIDE Chess Olympiad Open"]
[Site "Budapest, Hungary"]
[Date "2024.09.12"]
[Round "2"]
[White "Bu, Xiangzhi"]
[Black "Vasquez Schroeder, Rodrigo"]
[Result "1-0"]
[WhiteElo "2693"]
[BlackElo "2457"]
[PlyCount "65"]
[EventDate "2024.??.??"]
[WhiteTeam "China"]
[BlackTeam "Chile"]
[WhiteTeamCountry "CHN"]
[BlackTeamCountry "CHI"]
[WhiteClock "0:03:03"]
[BlackClock "0:04:05"]

1. d4 Nf6 2. c4 g6 3. g3 Bg7 4. Bg2 O-O 5. Nc3 d6 6. Nf3 c5 7. O-O Nc6 8. dxc5 dxc5 9. Bf4 Nh5 10. Bg5 h6 11. Be3 Nd4 ({RR} 11... Be6 12. Qc1 Kh7 13. Rd1 Qa5 14. Nd5 Rac8 15. Nd2 b6 16. a3 Qa6 17. h3 Rfd8 18. g4 Bxd5 19. Bxd5 Nf6 20. Bg2 Nd4 21. Bxd4 cxd4 22. Qc2 Rc7 23. Rac1 Qc8 24. Ne4 Nd5 25. c5 bxc5 26. Nxc5 {0-1 Firouzja,A (2607)-Dubov,D (2703) Wch Rapid St Petersburg 2018 (10)}) 12. Qd2 Kh7 13. Rad1 e5 14. b4 $146 ({RR} 14. Bxd4 exd4 15. e3 Be6 16. Nd5 Nf6 17. exd4 Nxd5 18. cxd5 Qxd5 19. b3 Rad8 20. Qc1 Rc8 21. Qa3 Qh5 22. Qxa7 Bd5 23. Rd3 c4 24. Re3 Ra8 25. Qc5 Rfd8 26. bxc4 Rac8 27. Qb6 Bxc4 28. Rfe1 Bxa2 {1-0 Bany,J (2435)-Brkovic,Z (2375) Tirnavia-B Trnava 1985 (12)}) 14... cxb4 15. Nb5 Qe7 16. Nfxd4 exd4 17. Bxd4 Rd8 18. Qe3 Qxe3 19. fxe3 Be6 20. Bxb7 Rab8 21. Bxg7 Rxd1 22. Rxd1 Rxb7 23. Bb2 a6 24. Rd8 g5 25. Nd6 Rc7 26. Bd4 Rd7 27. Rh8+ Kg6 28. Rg8+ Kh7 29. Rh8+ Kg6 30. c5 Rc7 31. Rg8+ Kh7 32. Rh8+ Kg6 33. Rb8 1-0

[Event "45th FIDE Chess Olympiad Open"]
[Site "Budapest, Hungary"]
[Date "2024.09.12"]
[Round "2"]
[White "Lopez Silva, Hugo"]
[Black "Wang, Yue"]
[Result "0-1"]
[WhiteElo "2379"]
[BlackElo "2637"]
[PlyCount "68"]
[EventDate "2024.??.??"]
[WhiteTeam "Chile"]
[BlackTeam "China"]
[WhiteTeamCountry "CHI"]
[BlackTeamCountry "CHN"]
[WhiteClock "0:01:06"]
[BlackClock "0:04:57"]

1. e4 c6 2. d4 d5 3. exd5 cxd5 4. Bd3 Nc6 5. c3 Nf6 6. Bf4 Bg4 7. Qb3 Qd7 8. Nd2 e6 9. Ngf3 Bd6 10. Bxd6 Qxd6 11. O-O O-O 12. Rae1 Bxf3 13. Nxf3 Qc7 14. Re3 Rab8 15. Qc2 g6 16. a4 Kg7 17. Qd2 a6 18. Rfe1 Rh8 $146 ({RR} 18... Qf4 19. Qd1 b5 20. axb5 axb5 21. b4 Rfc8 22. h3 Qc7 23. Nd2 Ne7 24. Bc2 Nf5 25. Bxf5 gxf5 26. Nb3 Ne4 27. Nc5 Kh8 28. Na6 Qf4 29. Rf3 Qg5 30. Nxb8 Rxb8 31. Qc1 h6 32. Qxg5 hxg5 33. g4 {0-1 Ter Sahakyan,S (2563)-Swapnil,S (2533) PRO League Stage rapid 2018 (9)}) 19. Ne5 Nxe5 20. dxe5 Nd7 21. Rh3 h6 22. Rg3 Qd8 23. Qf4 Qe7 24. h4 Rbc8 25. h5 g5 26. Qd4 Nc5 27. Bc2 Nd7 28. f4 Rc4 29. Qf2 Kf8 30. fxg5 hxg5 31. Rf3 g4 32. Rf4 Rxh5 33. Bg6 Rxf4 34. Qxf4 Rh1+ 0-1

[Event "45th FIDE Chess Olympiad Open"]
[Site "Budapest, Hungary"]
[Date "2024.09.12"]
[Round "2"]
[White "Fawzy, Adham"]
[Black "Abdusattorov, Nodirbek"]
[Result "0-1"]
[WhiteElo "2507"]
[BlackElo "2766"]
[PlyCount "72"]
[EventDate "2024.??.??"]
[WhiteTeam "Egypt"]
[BlackTeam "Uzbekistan"]
[WhiteTeamCountry "EGY"]
[BlackTeamCountry "UZB"]
[WhiteClock "0:03:46"]
[BlackClock "0:33:59"]

1. e4 e5 2. Nf3 Nc6 3. Bc4 d6 4. d4 exd4 5. Nxd4 Nf6 6. Nc3 Be7 7. O-O O-O 8. Bf4 Ne5 9. Bb3 ({RR} 9. Be2 Ng6 10. Bg3 Nxe4 11. Nxe4 f5 12. Bc4+ Kh8 13. Bd3 fxe4 14. Bxe4 Nf4 15. c4 Bg5 16. Re1 c6 17. Nf3 Bg4 18. Qb3 Rb8 19. Rad1 Qa5 20. Qc3 Qxc3 21. bxc3 Rbe8 22. Rxd6 Nxg2 23. Re2 Nf4 {0-1 Clarke,B (2442)-Davies,N (2475) Hull 4NCL GM 2021 (2)}) 9... c6 ({RR} 9... Re8 10. Re1 Bf8 11. h3 a6 12. a4 Bd7 13. a5 c5 14. Nf3 Bc6 15. Bxe5 dxe5 16. Nd2 Qc7 17. Nc4 Rad8 18. Qf3 Bb5 19. g4 Rd4 20. Na3 Qc6 21. g5 c4 22. Naxb5 axb5 23. gxf6 cxb3 24. fxg7 {½-½ Miyasaka,M (2214)-Harsh,S (2239) FSIM June 2023 (8.4)}) 10. Re1 Re8 $146 ({RR} 10... b5 11. Bxe5 dxe5 12. Nxc6 Qc7 13. Nxe7+ Qxe7 14. Nxb5 Rd8 15. Qf3 Bb7 16. Nc3 Rd4 17. Rad1 Rad8 18. Bd5 Rxd1 19. Rxd1 Bc8 20. h3 g6 21. Qd3 Rd7 22. Qc4 Rc7 23. Qd3 Rd7 24. a3 Qc5 25. b4 {1-0 Bragin,A-Zubarev,V RUS-Cup sf 06 2005 (5)}) 11. Nf5 Bf8 12. Ne3 b5 13. Bxe5 dxe5 14. Qf3 g6 15. a4 b4 16. Na2 Bc5 17. Nc1 a5 18. Nd3 Bd4 19. h3 Kg7 20. Red1 Qc7 21. c3 bxc3 22. bxc3 Ba7 23. Bc4 h5 24. Rab1 Qe7 25. Re1 Nh7 26. Qe2 Qh4 27. Nf1 Ng5 28. Nh2 f5 29. Nf3 Nxf3+ 30. Qxf3 f4 31. Qd1 Rf8 32. Nxe5 Bxf2+ 33. Kh1 Rd8 34. Qe2 Bxh3 35. Nf3 Qg3 36. gxh3 Rd2 0-1